000 00635nam a2200205 a 4500
001 000035208
005 20200930074158.0
008 111026s1979 ve 000 0 spa d
020 _a9800100091
040 _aDO-SdBNP
_bspa
_cBNPHU
082 _axxxx
_bxxxx
100 1 _aGarmendia, Salvador,
_d1928-2001
_921741
245 1 4 _aLos pequeños seres /
_cSalvador Garmendia ; traducción Juan Carlos Santaella.
260 _aCaracas, :
_bMonte avila,
_c1979.
300 _a164 p. ;
_c16 cm.
490 1 _aEldorado
504 _aBibliografía : p. 161-164
700 1 _aSantaella, Juan Carlos,
_epról.
_920891
830 0 _aEldorado
_99944
999 _c34699
_d34699